000 00689nam a2200169Ia 4500
008 090123s9999 xx 000 0 und d
082 _b413
_a891.463/काकोड
100 _aकाकोडकर चंद्रकांत कल्याणदास
245 _aअगा जे घडलेचि नाही
250 _a0
300 _a130
600 _aकाकोडकर चंद्रकांत कल्याणदास
630 _aअगा जे घडलेचि नाही
700 _aकाकोडकर चंद्रकांत कल्याणदास
730 _aअगा जे घडलेचि नाही
942 _cBOOK
999 _c38501
_d38501